State law relating to transportation and textbooks for parochial school students and constitutional protection of religious freedom / (Record no. 34654)

MARC details
000 -LEADER
fixed length control field 01434cam a22002891 4500
001 - CONTROL NUMBER
control field hew66000157
003 - CONTROL NUMBER IDENTIFIER
control field DLC
005 - DATE AND TIME OF LATEST TRANSACTION
control field 20260227111515.0
008 - FIXED-LENGTH DATA ELEMENTS--GENERAL INFORMATION
fixed length control field 770407s1966 dcu f000 0 eng c
010 ## - LIBRARY OF CONGRESS CONTROL NUMBER
LC control number hew66000157
035 ## - SYSTEM CONTROL NUMBER
System control number (OCoLC)2869496
040 ## - CATALOGING SOURCE
Original cataloging agency U. S. Dept. of Health, Education, and Welfare Library
Transcribing agency DNIE
Modifying agency OCoLC
-- DLC
043 ## - GEOGRAPHIC AREA CODE
Geographic area code n-us---
050 00 - LIBRARY OF CONGRESS CALL NUMBER
Classification number L111
Item number .A72 no. 795
100 1# - MAIN ENTRY--PERSONAL NAME
Personal name Steinhilber, August W.
245 10 - TITLE STATEMENT
Title State law relating to transportation and textbooks for parochial school students and constitutional protection of religious freedom /
Statement of responsibility, etc. by August W. Steinhilber, Carl J. Sokolowski.
260 ## - PUBLICATION, DISTRIBUTION, ETC.
Place of publication, distribution, etc. Washington :
Name of publisher, distributor, etc. U.S. Dept. of Health, Education, and Welfare, Office of Education,
Date of publication, distribution, etc. 1966.
300 ## - PHYSICAL DESCRIPTION
Extent iii, 45 p. ;
Dimensions 26 cm.
440 #0 - SERIES STATEMENT/ADDED ENTRY--TITLE
Title Circular (United States. Office of Education) ;
Volume/sequential designation no. 795
500 ## - GENERAL NOTE
General note "OE-20087."
501 ## - WITH NOTE
With note Copy 1 with: Industrial arts education : a survey of programs, teachers, students, and curriculum / by Marshall L. Schmitt and Albert L. Pelley. Washington, D.C. : U.S. Dept. of Health, Education, and Welfare, Office of Education, 1966. Bound together subsequent to publication.
Institution to which field applies DLC
650 #0 - SUBJECT ADDED ENTRY--TOPICAL TERM
Topical term or geographic name entry element Church schools
General subdivision Law and legislation
Geographic subdivision United States.
650 #0 - SUBJECT ADDED ENTRY--TOPICAL TERM
Topical term or geographic name entry element School children
General subdivision Transportation
Geographic subdivision United States
General subdivision States.
650 #0 - SUBJECT ADDED ENTRY--TOPICAL TERM
Topical term or geographic name entry element Textbooks
Geographic subdivision United States.
650 #0 - SUBJECT ADDED ENTRY--TOPICAL TERM
Topical term or geographic name entry element Church and education
Geographic subdivision United States.
700 1# - ADDED ENTRY--PERSONAL NAME
Personal name Sokolowski, Carl J.

No items available.

Powered by Koha